| 000 -CABECERA |
| Longitud fija campo de control |
00986nam a2200229 i 4500 |
| 001 - NÚMERO DE CONTROL |
| Número de control |
991058478168306706 |
| 003 - IDENTIFICADOR DEL NÚMERO DE CONTROL |
| Identificador del número de control |
OSt |
| 005 - FECHA Y HORA DE LA ÚLTIMA TRANSACCIÓN |
| Fecha y hora de la última transacción |
20240910132737.0 |
| 006 - CÓDIGOS DE INFORMACIÓN DE LONGITUD FIJA - CARACTERÍSTICAS DEL MATERIAL ADICIONAL |
| Códigos de información de longitud fija - Caracter&íacute;sticas del material adicional |
m o d | |
| 007 - CAMPO FIJO DE DESCRIPCIÓN FÍSICA |
| Campo fijo de descripción f&íacute;sica |
cr ||||||||||| |
| 008 - CÓDIGOS DE INFORMACIÓN DE LONGITUD FIJA |
| Códigos de información de longitud fija |
201029s2019 sp a ob 000 0 spa d |
| 040 ## - FUENTE DE LA CATALOGACIÓN |
| Centro catalogador de origen |
CDMR |
| Centro transcriptor |
CDMR |
| Lengua de catalogación |
cat |
| 110 ## - PUNTO DE ACCESO PRINCIPAL-NOMBRE DE ENTIDAD CORPORATIVA |
| 9 (RLIN) |
4966 |
| Nombre de entidad corporativa o nombre de jurisdicción como elemento inicial |
Colegio Vasco de Periodistas |
| 245 10 - MENCIÓN DE TÍTULO |
| Título |
Decálogo para el uso ético de la IA en los medios de comunicación [recurs electrònic] / |
| Mención de responsabilidad, etc. |
Colegio Vasco de Periodistas, Asociación Vasca de Periodistas |
| 260 ## - PUBLICACIÓN, DISTRIBUCIÓN, ETC. (PIE DE IMPRENTA) |
| Lugar de publicación, distribución, etc. |
Bilbao : |
| Nombre del editor, distribuidor, etc. |
Colegio Vasco de Periodistas, Asociación Vasca de Periodistas, |
| Fecha de publicación, distribución, etc. |
2024 |
| 300 ## - DESCRIPCIÓN FÍSICA |
| Extensión |
1 recurs electrònic (13 pàgines) |
| 650 #0 - PUNTO DE ACCESO ADICIONAL DE MATERIA - TÉRMINO DE MATERIA |
| 9 (RLIN) |
983 |
| Término de materia o nombre geográfico como elemento inicial |
Ètica periodística |
| Subdivisión geográfica |
País Basc |
| 650 #0 - PUNTO DE ACCESO ADICIONAL DE MATERIA - TÉRMINO DE MATERIA |
| 9 (RLIN) |
4722 |
| Término de materia o nombre geográfico como elemento inicial |
Intel·ligència artificial |
| Subdivisión de materia general |
Aspectes ètics i morals |
| 710 ## - PUNTO DE ACCESO ADICIONAL - NOMBRE DE ENTIDAD |
| 9 (RLIN) |
4967 |
| Nombre de entidad o nombre de jurisdicción como elemento inicial |
Asociación Vasca de Periodistas |
| 856 ## - LOCALIZACIÓN Y ACCESO ELECTRÓNICO |
| Nota pública |
Accés en línia |
| Identificador Uniforme del Recurso (URI) |
<a href="https://kazetariak.eus/decalogo-para-el-uso-etico-de-la-ia-en-los-medios-de-comunicacion/">https://kazetariak.eus/decalogo-para-el-uso-etico-de-la-ia-en-los-medios-de-comunicacion/</a> |
| 942 ## - ENTRADA DE ELEMENTOS AGREGADOS (KOHA) |
| Fuente de clasificaión o esquema |
|
| Koha [por defecto] tipo de item |
Recursos en línia |